| 000 | 00747nam a22002417a 4500 | ||
|---|---|---|---|
| 999 |
_c329750 _d329750 |
||
| 003 | Nust | ||
| 005 | 20200820153821.0 | ||
| 008 | 170302b xxu||||| |||| 00| 0 eng d | ||
| 038 | _aAZHAR | ||
| 040 | _cNUST | ||
| 041 | _hurdu | ||
| 082 |
_a891.439308 _bZAK |
||
| 100 | _4Zakia Arshad Hameed | ||
| 245 |
_aQissa apni shanakhat ka _cby Zakia Arshad Hameed |
||
| 260 |
_aRawalpindi _bMatbooaat sulemania _c2006 |
||
| 300 | _a248p | ||
| 546 | _aIn urdu | ||
| 650 |
_aUrdu Literature _9347 |
||
| 880 |
_aقصۤہ اپنی شناخت کا _6245-02\(3\r _cذکیہ ارشد حمید |
||
| 880 |
_aذکیہ ارشد حمید _6100-01\(3\r |
||
| 880 |
_aراولپنڈی: _6260-03\(3\r _bمطبوعات سلیمانیہ، _c2006 |
||
| 942 |
_2ddc _cBK |
||